Grauping for Ethics in Journalism (Record no. 4170)

MARC details
000 -LEADER
fixed length control field 00411nam a22001697a 4500
005 - DATE AND TIME OF LATEST TRANSACTION
control field 20180221142415.0
008 - FIXED-LENGTH DATA ELEMENTS--GENERAL INFORMATION
fixed length control field 160627b xxu||||| |||| 00| 0 eng d
020 ## - INTERNATIONAL STANDARD BOOK NUMBER
ISBN 81-229-0182-4
041 ## - LANGUAGE CODE
Language code of text/sound track or separate title eng
082 ## - DEWEY DECIMAL CLASSIFICATION NUMBER
Item number 10262
Classification number 174.4
100 ## - MAIN ENTRY--AUTHOR NAME
Personal name Smith, Ron F
245 ## - TITLE STATEMENT
Title Grauping for Ethics in Journalism
260 ## - PUBLICATION, DISTRIBUTION, ETC. (IMPRINT)
Name of publisher Surjeet
Year of publication 2005
300 ## - PHYSICAL DESCRIPTION
Number of Pages 400
650 ## - SUBJECT ADDED ENTRY--TOPICAL TERM
Topical Term Mass Communication
942 ## - ADDED ENTRY ELEMENTS (KOHA)
Koha item type Books
Holdings
Lost status Damaged status Collection code Home library Current library Shelving location Date acquired Cost, normal purchase price Full call number Accession Number Koha item type
    MANAGEMENT JRU Library JRU Library SHELF-62 -H 27/06/2016 295.00 174.4 10262 Books